000 00593nam a2200193 a 4500
005 20140310183503.0
008 100609s19uu xx 00 eng d
020 _a9714204291
050 _aRT 24
_b.V666 2004
100 _aViet, Lydia C.
245 _aCommunity health management manual for nursing students community exposure book 1. /
_cViet, Lydia C.
260 _aManila :
_bTrinitas Publishing House,
_c2004.
300 _a223 p. :
_c27 cm.
521 _aNUR
650 _aCommunity health management.
650 _aCommunity exposure.
942 _cBK
_2lcc
_kLOC
999 _c23965
_d23965